[Event "Klubturnier Schachclub Chur 2016"]
[Site "HTW Chur"]
[Date "2016.11.24"]
[Round "9.3"]
[White "Roth, Daniel"]
[Black "Wyss, Peter A."]
[Result "1-0"]
[WhiteElo "1872"]
[BlackElo "1958"]

1.e4 e5 2.Nf3 Nc6 3.d4 exd4 4.Nxd4 Bc5 5.Be3 Qf6 6.c3 Nge7 7.f4 d5 8.e5 Qg6
9.Nd2 Bxd4 10.Bxd4 Nxd4 11.cxd4 Nf5 12.Rc1 c6 13.Nf3 Ne3 14.Qe2 Nxf1 15.Rxf1
Bg4 16.Kf2 h5 17.h3 Bxf3 18.Qxf3 Qf5 19.Kg1 Rh6 20.b4 a6 21.a4 Rg6 22.Rc3 h4
23.Qe2 b5 24.a5 Kd7 25.Kh2 Rh8 26.Qd2 Rh5 27.Rcf3 Rg3 28.Qc3 Rxf3 29.Rxf3 Kc7
30.Qc5 Qc8 31.Rc3 Rh6 32.Qxd5 Qf5 33.Qf3 Rg6 34.d5 Rg3 35.d6+ Kd8 36.Qxc6 Rxc3
37.Qxc3 Qxf4+ 38.Kg1 Qc4 39.Qe3 Qxb4 40.Qb6+ Kd7 41.Qc7+ Ke6 42.Qe7+ Kd5
43.Qxf7+ Kxe5 44.Qxg7+ Kd5 45.Qf7+ Kc6 46.Qc7+ Kd5 47.d7 1-0

[Event "Klubturnier Schachclub Chur 2016"]
[Site "HTW Chur"]
[Date "2016.12.01"]
[Round "6.4"]
[White "Osmaev, Hamzat"]
[Black "Schmid, Fortunat"]
[Result "0-1"]
[WhiteElo "1510"]
[BlackElo "1384"]

1.e4 e6 2.Nf3 d5 3.exd5 exd5 4.d4 Nf6 5.Bb5+ Bd7 6.Qe2+ Be7 7.Bd3 O-O 8.Bg5 c5
9.Nc3 c4 10.Bxf6 Bxf6 11.Nxd5 cxd3 12.Qxd3 Qa5+ 13.Nc3 Re8+ 14.Kd2 Nc6 15.d5
Rad8 16.d6 Nb4 17.Qc4 Be6 18.Qb5 Bxc3+ 19.bxc3 Qxb5 20.cxb4 Qxb4+ 21.Kc1 Qa3+
22.Kd1 Rxd6+ 23.Nd2 Qc3 24.Ke2 Bc4+ 25.Kd1 Qxd2# 0-1

[Event "Klubturnier Schachclub Chur 2016"]
[Site "HTW Chur"]
[Date "2016.11.24"]
[Round "9.5"]
[White "Schmid, Jakob"]
[Black "Adzic, Slobodan"]
[Result "1/2-1/2"]
[WhiteElo "1807"]
[BlackElo "2126"]

1.e4 g6 2.d4 Bg7 3.Nf3 d6 4.Bc4 c6 5.Bb3 a5 6.c3 Nf6 7.Nbd2 O-O 8.O-O Nbd7
9.Re1 e5 10.dxe5 dxe5 11.Nf1 Qc7 12.Bg5 Nc5 13.Bc2 Ne6 14.Bh4 Rd8 15.Qb1 Nf4
16.h3 h6 17.Bxf6 Bxf6 18.a4 Bg7 19.Bb3 Rd6 20.Qc2 Rf6 21.N1h2 Bf8 22.Red1 Rd6
23.Rxd6 Bxd6 24.Rd1 Be7 25.Ng4 Bxg4 26.hxg4 Kg7 27.g3 Nh3+ 28.Kg2 Ng5 29.Nd2
Qc8 30.f3 h5 31.Nc4 hxg4 32.f4 exf4 33.gxf4 Ne6 34.Nb6 Nxf4+ 35.Kg3 Nh5+
36.Kg2 Nf4+ 37.Kg3 Nh5+ 38.Kg2 Nf4+ 39.Kg3 Nh5+ 1/2-1/2